Novelistas anteriores a Cervantes

שמור ב:
מידע ביבליוגרפי
Main Authors: Rojas, Fernando de (Author), Hurtado de Mendoza, Diego (Author), Timoneda, Juan de (Author), Pérez de Hita, Ginés (Author)
פורמט: ספר
שפה:ספרדית
יצא לאור: Madrid M. Rivadeneyra 1876
מהדורה:1a. ed
סדרה:Biblioteca de Autores Españoles
נושאים:
תגים: הוספת תג
אין תגיות, היה/י הראשונ/ה לתייג את הרשומה!

MARC

LEADER 00000nam a2200000 a 4500
001 UCJ7089
003 CL-VaPUC
008 070124e18760000SP |||||||||||||||||spa|d
082 0 4 |a 860  |b ROJ  |2 21 
100 0 |a Rojas, Fernando de  |e author  |9 326656 
700 |a Hurtado de Mendoza, Diego   |e author  |9 374348 
700 0 |a Timoneda, Juan de  |e author  |9 378275 
700 0 |a Pérez de Hita, Ginés  |e author  |9 514990 
245 1 0 |a Novelistas anteriores a Cervantes 
246 1 3 |a La Celestina 
246 1 3 |a El lazarillo de Tormes 
246 1 3 |a El patrañuelo 
246 1 0 |a Guzmán de Alfarache 
246 1 0 |a Historia de los amores de Clareo y Florisea 
246 1 0 |a Selva de aventuras 
246 1 0 |a Guerras civiles de Granada 
250 |a 1a. ed 
300 |a xxxvi, 690 p 
942 |c BK 
945 |d 20070124 00:00:00  |a rinostro 
260 |a Madrid  |b M. Rivadeneyra  |c 1876 
500 |a 8§, pasta española.- Anteport.- v. en b.- Port. v. en b.- 
650 7 |a NOVELA ESPAÑOLA  |2 CL-VaPUC  |9 313139 
650 0 |a Crítica literaria   |9 269189 
650 7 |a NOVELA PICARESCA  |2 CL-VaPUC  |9 377016 
583 |a last modification  |c 20070124 00:00:00  |k Rodrigo Vera 
490 0 |a Biblioteca de Autores Españoles 
999 |c 323189  |d 323187 
952 |0 0  |1 0  |4 0  |6 860_000000000000000_ROJ_1876  |7 0  |8 X  |9 402588  |a FDOBUD  |b FDOBUD  |d 2019-11-22  |i 1058398  |o 860 ROJ 1876  |p 1058398  |r 2019-11-22  |w 2019-11-22  |y BK_X  |k BUD